000
00217nam a2200097Ia 4500
008
240625s9999 xx 000 0 und d
041
_a
eng
100
_a
CHIRILLO JOHN
245
_a
HACK ATTACKS REVEALED
260
_c
2002
999
_c
33098
_d
33098